000 00562nam a2200145 4500
999 _c19940
_d19940
008 240401b ||||| |||| 00| 0 eng d
082 _aDC 613.907
_bR11 1970
100 _aRFSU/The Swedish Association for sex education.
_955718
245 _aWhat the Swedes teach about sex /
_cRFSU/The Swedish Association for sex education.
260 _aNew York :
_bGrosset & Dunlap, Inc.,
_c©1970.
300 _a79 pages :
_billustrations ;
_c21 cm.
650 _aSex
_xEducation.
_955719
710 _aRFSU/The Swedish Association for sex education.
_955718
942 _2ddc
_cDC